Fragen aus der Wissenschaft - Buchstabe D - Statistiken

Allgemein
  • Dieses Quiz wurde 145 mal gespielt
  • Das Durchschnittsergebnis liegt bei 9 aus 20
Antwortstatistiken
Hinweis Antwort % Korrekt
Elektrischer Generator zur Stromversorgung, z. B. Fahrrad Dynamo
93%
Britischer Naturforscher, "Über die Entstehung der Arten" Charles Darwin
91%
Kraftwirkung auf eine Fläche - Einheit: Pascal, bar Druck
89%
Deutscher Automobilbauer, "Motorkutsche" Gottlieb Daimler
84%
Härteste Modifikation des Kohlenstoffs Diamant
75%
Botenstoff im Nervensystem, "Glückshormon" Dopamin
66%
Trennverfahren von Flüssigkeiten, Schnapsherstellung Destillation
65%
Charakteristische gewundene Struktur der DNA Doppelhelix
53%
Negatives Zukunftsbild, z. B. George Orwells "1984" Dystopie
51%
Österreichischer Physiker, nach ihm benannter akustischer Effekt Christian Doppler
48%
"Cogito ergo sum" (Ich denke, also bin ich) René Descartes
33%
Erfinder einer Laufmaschine, Vorläufer des Fahrrads Karl Freiherr von Drais
30%
Schwerer Wasserstoff (1 Proton, 1 Neutron, 1 Elektron) Deuterium
26%
Abschnitt eines Erdzeitalters, benannt nach engl. Grafschaft Devon
25%
Umweltgift, Freisetzung beim Seveso-Unglück 1976 Dioxin
14%
Der kleinere der beiden Marsmonde Deimos
12%
Logische Schlussfolgerung, z. B. bei Sherlock Holmes Deduktion
10%
Astronom, Gleichung zur Abschätzung von außerirdischem Leben Frank Drake
6%
Amerikanischer Pionier der Tonaufzeichnungstechnik Ray Dolby
4%
Griechischer Philosoph, Natur ist aus Atomen zusammengesetzt Demokrit
3%
Keine übereinstimmenden Quizze gefunden
Verteilung der Resultate
Anzahl Personen mit jedem Resultat
Perzentil nach korrekt beantworteten Fragen
Ihre Resultats-Entwicklung
Sie haben dieses Quiz noch nicht gespielt